|
|
|
|
| LEADER |
00000nam0a2200000 4500 |
| 001 |
19107 |
| 005 |
20231030191534.0 |
| 010 |
|
|
|a 5020169404
|
| 035 |
|
|
|a (RuTPU)RU\TPU\book\19266
|
| 035 |
|
|
|a BOOK00000077
|
| 090 |
|
|
|a 19107
|
| 100 |
|
|
|a 20011209d1991 km y0rusy50 ca
|
| 101 |
0 |
|
|a rus
|
| 102 |
|
|
|a RU
|
| 105 |
|
|
|a y z 000zy
|
| 200 |
1 |
|
|a Интеграционные процессы в мусульманском мире. Очерки исламской цивилизации
|f Г. В. Милославский
|
| 210 |
|
|
|a Москва
|c Наука
|d 1991
|
| 215 |
|
|
|a 189 с.
|
| 333 |
|
|
|a Исключено из фонда НТБ ТПУ
|
| 700 |
|
1 |
|a Милославский
|b Г. В.
|g Георгий Васильевич
|
| 801 |
|
0 |
|a RU
|b 63413507
|c 20011209
|g PSBO
|
| 801 |
|
2 |
|a RU
|b 63413507
|c 20110927
|g PSBO
|
| 942 |
|
|
|c BK
|